Segretari della Democrazia Cristiana - Statistics

Statistiche generali
  • Questo quiz è stato fatto 81 volte
  • Il punteggio medio è 8 su 17
Statistiche sulle risposte
Anni Segretario % Corretto
1959-1964 Aldo Moro
88%
1944-1946 Alcide De Gasperi
85%
1953-1954 Alcide De Gasperi
85%
1954-1959 Amintore Fanfani
73%
1973-1975 Amintore Fanfani
73%
1982-1989 Ciriaco De Mita
70%
1969-1973 Arnaldo Forlani
67%
1989-1992 Arnaldo Forlani
67%
1964-1969 Mariano Rumor
55%
1992-1994 Mino Martinazzoli
33%
1975-1980 Benigno Zaccagnini
32%
1969-1969 Flaminio Piccoli
17%
1980-1982 Flaminio Piccoli
17%
1946-1949 Attilio Piccioni
10%
1949-1950 Paolo Emilio Taviani
8%
1950-1953 Guido Gonella
5%
1949-1949 Giuseppe Cappi
2%
Nessun quiz corrispondente trovato
Distribuzione punteggi
Percentuale di utenti per punteggio
Percentile per numero di risposta
I tuoi punteggi nel tempo
Non hai fatto questo quiz